Building Regulations (Record no. 81392)

MARC details
000 -LEADER
fixed length control field 01155cab a22002055a 4500
001 - CONTROL NUMBER
control field L147121
008 - FIXED-LENGTH DATA ELEMENTS--GENERAL INFORMATION
fixed length control field 090403e20090305xxk f 000 0 eng d
035 ## - SYSTEM CONTROL NUMBER
System control number (Sirsi) u147121
041 0# - LANGUAGE CODE
Language code of text/sound track or separate title eng
100 1# - MAIN ENTRY--PERSONAL NAME
Personal name Alexander, Kaye
245 00 - TITLE STATEMENT
Title Building Regulations
260 ## - PUBLICATION, DISTRIBUTION, ETC.
Date of publication, distribution, etc. 2009
490 ## - SERIES STATEMENT
Series statement Architects' Journal
Volume/sequential designation 8(229) 5 March 2009, 41-42(2)
520 ## - SUMMARY, ETC.
Summary, etc. Briefly summaries the advantages and disadvantages of the six key proposals of the Department for Communities and Local Government's Future of building control: consultation (L142913). Proposals include the periodic system of review of a three-year cycle, standstill of six months between publication and implementation, rebranding approved documents, project guides, give local authorities power to issue stop notices and impose penalties and extension ofthe pattern-book approach. Highlights responses to the consultation including the views of the Building Control Alliance formed in 2007 by RICS other professional bodies.
590 ## - LOCAL NOTE (RLIN)
Local note KA
650 24 - SUBJECT ADDED ENTRY--TOPICAL TERM
Topical term or geographic name entry element FUTURE OF BUILDING CONTROL
651 #4 - SUBJECT ADDED ENTRY--GEOGRAPHIC NAME
Geographic name England and Wales
Chronological subdivision 1543-
690 ## - LOCAL SUBJECT ADDED ENTRY--TOPICAL TERM (OCLC, RLIN)
Topical term or geographic name as entry element BUILT ENVIRONMENT-BUILDING STANDARDS
942 ## - ADDED ENTRY ELEMENTS (KOHA)
Suppress in OPAC 0

No items available.